North East India deforestation and its IMPACT/ (Record no. 147325)

MARC details
000 -LEADER
fixed length control field 00638nam a22001937a 4500
005 - DATE AND TIME OF LATEST TRANSACTION
control field 20171111160935.0
010 ## - LCCN (DPL NO)
LC control number ENG-121360
020 ## - INTERNATIONAL STANDARD BOOK NUMBER
International Standard Book Number 9788172131654
Terms of availability 500.00
035 ## - SYSTEM CONTROL NUMBER
System control number EN-104892
037 ## - SOURCE OF ACQUISITION
Source of stock number/acquisition DBAD/PUB
082 ## - DEWEY DECIMAL CLASSIFICATION NUMBER
Classification number 634.95609541
245 ## - TITLE STATEMENT
Title North East India deforestation and its IMPACT/
Statement of responsibility, etc edited by B.N. Goswami
260 ## - PUBLICATION, DISTRIBUTION, ETC. (IMPRINT)
Place of publication, distribution, etc Gowahati
Name of publisher, distributor, etc Pubanchal Prakash
Date of publication, distribution, etc 2012
270 ## - ADDRESS
Address H.N0-2,Seuji Path dr B. N. Saikkia Road Wireless
City Gowahati
Postal code 781006
300 ## - PHYSICAL DESCRIPTION
Extent 199p. :
Dimensions 22cm(Hb)
Other physical details ill.
500 ## - GENERAL NOTE
General note Includes bibliographical references
700 ## - ADDED ENTRY--PERSONAL NAME
Personal name Goswami,B.N.
942 ## - ADDED ENTRY ELEMENTS (KOHA)
Source of classification or shelving scheme Dewey Decimal Classification
Item type English Books
Call number suffix NOR
Classification part 634.95609541
Holdings
Withdrawn status Lost status Not for loan Collection code Home library Current library Date acquired Source of acquisition Cost, normal purchase price Full call number Barcode Copy number Cost, replacement price Koha item type
    Not For Loan Non-fiction D.B.Act.Division Bawana 11/11/2017 DBAD/PUB 500.00 634.95609541 NOR EN-104892 1 500.00 English Books

© Delhi Public Library
Hit Counter
free hit counter